| 000 | 00792nam a22001937a 4500 | ||
|---|---|---|---|
| 999 |
_c371566 _d371566 |
||
| 008 | 201127b ||||| |||| 00| 0 eng d | ||
| 040 |
_aDE-2950 _bger _cDE-2950 _erda |
||
| 041 | _ager | ||
| 245 |
_aWie Flüchtlinge an einen Arzt kommen. _bUkraine: Im Klinikum Frankfurt (Oder) und in der ZABH Eisenhüttenstadt sind Erstuntersuchungen für zentral untergebrachte Flüchtlinge aus der Ukraine angelaufen..../ _cUlf Grieger, Janet Neiser |
||
| 264 | _c2022 | ||
| 653 | _aFrankfurt (Oder) | ||
| 653 | _aUkraine -Krieg | ||
| 653 | _aFlüchtlinge | ||
| 773 |
_dFrankfurt (Oder) Märkisches Verlags- und Druckhaus GmbH & Co KG _tMärkische Oderzeitung _g33. Jahrgang (2022) Nr. 79 vom 04.04.2022, S. 14 |
||
| 942 | _cA | ||